Biblioteca

An inquiry into the character and authorship of the Fourth Gospel (Registro nro. 66774)

Detalles MARC
000 -LÍDER
Campo fijo de descripción fija 02313nam a2200313 i 4500
001 - NÚMERO DE CONTROL
Campo de control 768714001
003 - IDENTIFICADOR DEL NÚMERO DE CONTROL
Campo de control CO-MdFUSB
005 - FECHA Y HORA DE LA ULTIMA TRANSACCIÓN
control field 20211104090239.0
007 - CAMPO FIJO DE DESCRIPCIÓN FIJA--INFORMACIÓN GENERAL
Campo fijo de descripción fija ta
008 - ELEMENTOS DE LONGITUD FIJA -- INFORMACIÓN GENERAL
Campo fijo de descripción fija -- Información general 210726t1903 enk |||| |||| 00| 0 eng d
020 ## - NÚMERO INTERNACIONAL NORMALIZADO PARA LIBROS
Número Internacional Normalizado del libro [No incluye ISBN]
040 ## - FUENTE DE CATALOGACIÓN
Agencia de catalogación original CO-MdFUSB
Idioma de catalogación spa
Agencia que realiza la transcripción CO-MdFUSB
Agencia que realiza la modificación CO-MdFUSBC
Convenciones de la descripción rda
041 ## - CÓDIGO DE IDIOMA
Código de idioma para texto/pista de sonido o título separado eng
082 ## - NÚMERO DE CLASIFICACIÓN DECIMAL DEWEY
Número de la edición del Dewey 23
Número de clasificación 226.5066
Clave de autor-Numero de item D795
100 ## - ASIENTO PRINCIPAL--NOMBRE PERSONAL
Nombre personal Drummond, James,
Término relacionador autor
245 #3 - TÍTULO
Título del Material An inquiry into the character and authorship of the Fourth Gospel
Mención de responsabilidad, etc. / James Drummond
264 #1 - PRODUCCIÓN, PUBLICACIÓN, DISTRIBUCIÓN, MANUFACTURA, Y COPYRIGHT
Lugar de producción, publicación, distribución, manufactura Londres :
Nombre del productor, publicador, distribuidor Williams and Norgate,
Fecha de producción, publicación, distribución, manufactura, o copyright [1903]
264 #4 - PRODUCCIÓN, PUBLICACIÓN, DISTRIBUCIÓN, MANUFACTURA, Y COPYRIGHT
Fecha de producción, publicación, distribución, manufactura, o copyright © 1903
300 ## - DESCRIPCIÓN FÍSICA
Extensión 528 páginas
Dimensiones ; 22 cm
336 ## - TIPO DE CONTENIDO
Fuente rdacontent
Término de tipo de contenido texto
Código de tipo de contenido txt
337 ## - TIPO DE MEDIO
Fuente rdamedia
Nombre del tipo de medio otro
Código del tipo de medio n
338 ## - TIPO DE SOPORTE
Fuente rdacarrier
Nombre del tipo de soporte volumen
Código Tipo de soporte nc
505 ## - NOTA DE CONTENIDO
Nota de contenido con formato preestablecido Libro 1: Carácter general del cuarto evangelio - Contenido y plan del evangelio - Comparación del evangelio con los sinópticos -<br/>El propósito con el que se escribió el evangelio - ¿Hasta qué punto es histórico el evangelio? -Libro 2: Autoría - Evidencia externa - Estado general de creencia en la última parte del siglo II - Justino Mártir - El evangelio y la primera epístola de Juan - La epístola de policarpo - Papías y el presbítero Juan: el pastor de Hermas; Las epístolas de Bernabé y de Ignacio; y Juan XXI 24 - Las Homilías Clementinas - Los Valentinianos - Marción - Basílides - Naasenni, Perpatæ, Alogi y Docetæ - Resultados de la evidencia externa - Evidencia externa - Evidencia interna a favor de la visión tradicional - El autor es un judío de habla aramea - El conocimiento del escritor sobre la topografía de Palestina - Presuntos signos de que el escritor fue un testigo ocular - Argumentos y observaciones finales - Objeciones a la visión tradicional - Pasajes sobre el testigo ocular - Presuntos signos de que la obra es de un discípulo del apóstol - Presunto anti- Carácter judaico del evangelio y formación filosófica griega del autor - ¿Pudo haber sido dibujado un amigo personal el retrato de Jesús? - El carácter ahistórico del libro - La ignorancia de Palestina y los usos judíos - La objeción de la autoría del apocalipsis - La controversia pascual.
563 ## - NOTA DE ENCUADERNACIÓN
Nota de encuadernación Tapa dura
630 #7 - TITULO UNIFORME
Título uniforme Biblia.
Nombre de parte o sección de la obra Juan
Subdivisión de materia general Crítica, interpretación, etc.
942 ## - TIPO DE MATERIAL (KOHA)
Tipo de Item KOHA Libros Patrimoniales
945 ## - INFORMACIÓN LOCAL DEL REGISTRO
Catalogador JTF-925
Existencias
Estado de Material Estado de Perdido Forma de Clasificación Estado de Dañado No para Préstamo Colección Biblioteca de Origen Biblioteca Permanente Fecha de Adquisición Área Total de Préstamos Signatura Topográfica Código de Barras Última vez visto Ejemplar/Existencia Fecha de Remplazo Tipo de Material
    Dewey Decimal Classification     Colección Patrimonial Biblioteca FUSBC Biblioteca FUSBC 26/07/2021 BIBLIA   P 226.5066 D795i 9515 26/07/2021 Ej. 1 26/07/2021 Libros Patrimoniales

Biblioteca FUSBC | Teléfono: (57+4) 349 88 10 Ext. 141| WhatsApp (+57) 3005338115 
E-mail: biblioteca@unisbc.edu.co | Calle 76 87-14 Robledo Palenque, Medellín, Colombia

Con tecnología Koha